Statistics for Current French NBA players

Click here to take the quiz!

General Stats

  • This quiz has been taken 12 times
  • The average score is 5 of 11

Answer Stats

PositonPlayer% Correct
FNicolas Batum
92%
PGFrank Ntilikina
83%
CRudy Gobert
83%
SGEvan Fournier
58%
GKillian Hayes
58%
PGTheo Maledon
50%
CKillian Tillie
25%
FSekou Doumbouya
25%
CVincent Poirier
25%
FTimothe Luwawu-Cabarrot
17%
SGAdam Mokoka
0%

Score Distribution

Percentile by Number Answered

Percent of People with Each Score

Your Score History

You have not taken this quiz